Normal view
MARC view
- Khurram Rashid Khan, Muhammad
Entry Personal Name
001 - CONTROL NUMBER
- control field: 119730
003 - CONTROL NUMBER IDENTIFIER
- control field: NUST
005 - DATE AND TIME OF LATEST TRANSACTION
- control field: 20231213151815.0
008 - FIXED-LENGTH DATA ELEMENTS
- fixed length control field: 231213|| aca||aabn | a|a d
040 ## - CATALOGING SOURCE
- Original cataloging agency: NUST
- Transcribing agency: NUST
100 ## - HEADING--PERSONAL NAME
- Personal name: Khurram Rashid Khan, Muhammad
670 ## - SOURCE DATA FOUND
- Source citation: Work cat.: (NUST): Khurram Rashid Khan, Muhammad, Analytic and approximate Lie solutions of MHD Casson Fluid flow, heat and mass transfer near a stagnation point over a linearly stretching sheet with constant and variable viscosity and thermal conductivity /
